| 000 | 00388nam a22001217a 4500 | ||
|---|---|---|---|
| 999 |
_c2457 _d2457 |
||
| 005 | 20200915114437.0 | ||
| 008 | 200915b ||||| |||| 00| 0 eng d | ||
| 020 | _a0853642214 | ||
| 040 | _cCML | ||
| 245 |
_aThe New International Dictionary of the Christian. _cDouglas, J.D. |
||
| 260 |
_aAustralia _bThe Paternoster Press _c1974 |
||
| 942 |
_2ddc _cBK _e2nd Edition _h203 _mDOU |
||